00774 2200253 4500001002100000005001500021035002000036007000300056008004100059020002200100082001100122084001700133100002000150245017600170250001000346260003700356300002300393650002400416700001800440700001800458700002200476990001100498990001100509INLIS00000000000414420190930100601 a0010-0919000074ta190930 g 0 ind  a978-602-5868-04-7 a153,.8 a153,.8 RAS h0 aRASMUSSEN, Sean1 aHow to be Rich, Loved, and Happy :bSemua Orang Berhak Kqaya, Dicintai, dan Bahagia /cSean Rasmussen, David Hooper; penerjemah, Laila Qadria; penyunting, Zulkarnaen Ishak acet.1 a[s.l] :bBright Publisher,c2018 a196 hlm. ;c20 cm. 4aPSIKOLOGI. MOTIVASI0 aHOOPER, David0 aLAILA, Qadria0 aZULKARNAEN, Ishak a6911 a a6911 b